000 nam a22 a 4500
999 _c4543
_d4543
005 20170531110222.0
008 170531s2007 be ||||| |||| 00| 0 eng d
040 _aAKMAL
082 _a382.9 WOR
090 _a382.9
_bWOR
245 1 0 _aWCO Safe: Framework Of Standard : The Response To The Challenges Of Global Trade .
260 _aBrussels, Belgium:
_bWorld Customs Organization
_c2007
300 _avarious paging (loose-leaf) ;
_c29 cm
500 _aExtracts from World Customs Forum 2007
650 1 0 _aCustoms Administration
_xLaw and legislation
_96000
710 2 _aWorld Customs Organization
_95917
942 _2ddc
_cBOOK
950 _lAKMAL